00306pab a2200121 454500008004000000100001700040245005700057260000900114300001200123362001100135650002300146773001500169180718b2009 xxu||||| |||| 00| 0 eng d aDatt, Ruddar aGlobal meltdown and its impact on the Indian economy c2009 ap.9-13. a28 Mar aEconomic recession aMainstream